The price system and resource allocation

Uloženo v:
Podrobná bibliografie
Hlavní autor: Leftwich, Richard H (Autor)
Médium: Kniha
Jazyk:angličtina
Vydáno: Nueva York Holt, Rinehart and Winston 1960
Témata:
Tagy: Přidat tag
Žádné tagy, Buďte první, kdo vytvoří štítek k tomuto záznamu!

MARC

LEADER 00000nam a2200000 a 4500
001 UCV5339
003 CL-VaPUC
008 930427e19600000US |||||||||||||||||eng|d
082 0 4 |a 338.5  |b LEF  |2 21 
100 |a Leftwich, Richard H  |e author  |9 409159 
245 1 4 |a The price system and resource allocation 
300 |a 381 p 
942 |c BK 
945 |d 19930427 00:00:00 
260 |a Nueva York  |b Holt, Rinehart and Winston  |c 1960 
650 0 |a Microeconomía  |9 258126 
650 0 |a Precios   |9 260787 
650 0 |a Política de precios  |9 259481 
650 0 |a Comercialización   |9 259326 
583 |a last modification  |c 19930427 00:00:00  |k Rodrigo Vera 
999 |c 211894  |d 211892